Разработка принципиальной схемы генератора синусоидальных сигналов на основе soft-процессора Microblaze и ПЛИС; Молодежь и современные информационные технологии

מידע ביבליוגרפי
Parent link:Молодежь и современные информационные технологии.— 2018.— [С. 163-164]
מחבר ראשי: Старшинов В. С.
מחבר תאגידי: Национальный исследовательский Томский политехнический университет Инженерная школа информационных технологий и робототехники Отделение информационных технологий
מחברים אחרים: Мальчуков А. Н. Андрей Николаевич (научный руководитель)
סיכום:Заглавие с титульного экрана
שפה:רוסית
יצא לאור: 2018
סדרה:Информационные технологии в производстве и управлении предприятием
נושאים:
גישה מקוונת:http://earchive.tpu.ru/handle/11683/46579
פורמט: MixedMaterials אלקטרוני Book Chapter
KOHA link:https://koha.lib.tpu.ru/cgi-bin/koha/opac-detail.pl?biblionumber=626290

MARC

LEADER 00000naa2a2200000 4500
001 626290
005 20231101133414.0
035 |a (RuTPU)RU\TPU\conf\25648 
035 |a RU\TPU\conf\25647 
090 |a 626290 
100 |a 20180226d2018 k y0rusy50 ca 
101 0 |a rus 
102 |a RU 
105 |a y z 101zy 
135 |a drcn ---uucaa 
181 0 |a i  
182 0 |a b 
200 1 |a Разработка принципиальной схемы генератора синусоидальных сигналов на основе soft-процессора Microblaze и ПЛИС  |f В. С. Старшинов  |g науч. рук. А. Н. Мальчуков 
203 |a Текст  |c электронный 
225 1 |a Информационные технологии в производстве и управлении предприятием 
230 |a 1 компьютерный файл (pdf; 480 Кb) 
300 |a Заглавие с титульного экрана 
320 |a [Библиогр.: с. 164 (3 назв.)] 
463 0 |0 (RuTPU)RU\TPU\conf\25518  |t Молодежь и современные информационные технологии  |o сборник трудов XV Международной научно-практической конференции студентов, аспирантов и молодых учёных, 04-07 декабря 2017 г., г. Томск  |f Национальный исследовательский Томский политехнический университет, Инженерная школа информационных технологий и робототехники ; под ред. С. С. Михалевич [и др.]  |v [С. 163-164]  |d 2018 
610 1 |a электронный ресурс 
610 1 |a труды учёных ТПУ 
610 1 |a принципиальные схемы 
610 1 |a генераторы 
610 1 |a синусоидальные сигналы 
610 1 |a процессоры 
610 1 |a ПЛИС 
610 1 |a синусоидальные сигналы 
610 1 |a цифро-аналоговые преобразователи 
700 1 |a Старшинов  |b В. С. 
702 1 |a Мальчуков  |b А. Н.  |c специалист в области информатики и вычислительной техники  |c доцент Томского политехнического университета, кандидат технических наук  |f 1982-  |g Андрей Николаевич  |2 stltpush  |4 727 
712 0 2 |a Национальный исследовательский Томский политехнический университет  |b Инженерная школа информационных технологий и робототехники  |b Отделение информационных технологий  |h 7951  |2 stltpush  |3 (RuTPU)RU\TPU\col\23515 
801 2 |a RU  |b 63413507  |c 20201229  |g RCR 
856 4 |u http://earchive.tpu.ru/handle/11683/46579 
942 |c BK